NBA 2k16 Top Players - Statistics

General Stats
  • This quiz has been taken 494 times
  • The average score is 12 of 24
Answer Stats
Hint OVR Answer % Correct
SF 94 LeBron James
93%
SF 91 Kevin Durant
72%
PF 92 Anthony Davis
64%
PG 90 Chris Paul
64%
SG 92 James Harden
64%
PG 89 Russell Westbrook
63%
PG 93 Steph Curry
63%
C 87 DeMarcus Cousins
58%
SG 87 Klay Thompson
55%
PG 87 Kyrie Irving
51%
SF 86 Paul George
47%
SF 87 Kawhi Leonard
45%
PF 88 Blake Griffin
44%
SF 88 Carmelo Anthony
40%
C 84 DeAndre Jordan
40%
C 87 Marc Gasol
40%
PG 87 John Wall
37%
C 85 Dwight Howard
35%
SG 86 Jimmy Butler
34%
SG 85 Kobe Bryant
34%
PF 87 Tim Duncan
34%
PF 88 LaMarcus Aldridge
33%
SG 86 Dwyane Wade
25%
PF 86 Pau Gasol
24%
No matching quizzes found
Score Distribution
Percent of People with Each Score
Percentile by Number Answered
Your Score History
You have not taken this quiz